000 00294nam a2200121Ia 4500
005 20250409180958.0
008 250409s9999||||xx |||||||||||||| ||und||
100 _aMUKUNDAN, M
245 0 _aAAVILAYILE SURYODAYAM
260 _bD C BOOKS,
_aKOTTAYAM:
650 _vMalayalam Fiction
942 _cBOOK
999 _c4974
_d4974